000 00860nam a22002417a 4500
999 _c7055
_d7055
001 7055
003 BD-JhCC
005 20180211135859.0
008 180204b1992 bg b|||| ||a| 000 0 ben d
020 _a984410002X
035 _a(BD-JhCC)7055
040 _aBD-JhCC
_dBD-JhCC
041 _aben
082 _a954.905
_bSEC 1992
100 _aকবির, শাহরিয়ার
245 _aসেক্টর কমান্ডাররা বলছেন মুক্তিযুদ্ধের স্মরণীয় ঘটনা /
_cশাহরিয়ার কবির (সম্পা)
260 _aঢাকা :
_bমাওলা ব্রাদার্স,
_c1992.
300 _a122 p. :
_c22 cm.
650 _aLiberation
_zBangladesh
700 _aকবির, শাহরিয়ার
942 _2ddc
_cBK